| 000 | 00565cam a22002171i 4500 | ||
|---|---|---|---|
| 001 | sa 65001016 | ||
| 003 | DLC | ||
| 005 | 20260227112107.0 | ||
| 008 | 830412s1963 io e 000 0 ind | ||
| 010 | _asa 65001016 | ||
| 035 | _a(OCoLC)9402383 | ||
| 040 |
_aDLC _cOAU _dDLC |
||
| 042 | _apremarc | ||
| 050 | 0 | 0 | _aLAW <Indonesia 7 Sala 1963> |
| 100 | 1 | _aSalayan, Abdul Wahid. | |
| 245 | 1 | 0 |
_aEnsiklopedia hukum / _csususan A. W. Salayan. |
| 260 |
_aPadang : _bMimbar _c[cover 1963]- |
||
| 300 |
_av. ; _c20 cm. |
||
| 650 | 0 | _aLaw. | |
| 650 | 0 |
_aLaw _zIndonesia. |
|
| 999 |
_c61873 _d61873 |
||